Mestský hotel

Enregistré dans:
Détails bibliographiques
Auteur principal: Marťák, Michal (Auteur)
Autres auteurs: Mellner, Dušan (Directeur de thèse)
Format: Manuscrit Livre
Langue:slovaque
Publié: 2018
Sujets:
Accès en ligne:http://is.stuba.sk/zp/portal_zp.pl?podrobnosti=124206
https://opac.crzp.sk/?fn=detailBiblioForm&sid=CB745B58B0F7E53C0259C36F3E25
Tags: Ajouter un tag
Pas de tags, Soyez le premier à ajouter un tag!

MARC

LEADER 00000ntm a22000003a 4500
001 stuzp62429
003 SK-STU
005 20230519123931.4
007 ta
008 150427s2015----xo-----f-mn---000-0-slo-d
040 |a STU  |b slo 
041 0 |a slo 
100 1 |a Marťák, Michal  |u 010310  |4 aut  |U SvF Stavebná fakulta  |T SvF Katedra architektúry  |X 56467  |U V181|V310  |Y 19  |7 56467 
242 0 1 |a The City Hotel  |y eng 
245 1 0 |a Mestský hotel 
260 |c 2018 
650 4 |a Funkcionalizmus  |2 slo 
650 4 |a stavebná konštrukcia  |2 slo 
650 4 |a situácia  |2 slo 
650 4 |a Construction  |2 eng 
650 4 |a Funkcionalizmus  |2 eng 
650 4 |a Situation  |2 eng 
700 1 |a Mellner, Dušan  |u 010310  |k Z1  |4 ths  |U SvF Stavebná fakulta  |T SvF Katedra architektúry  |X 5310  |U V181|V310  |Y 19  |7 5310 
856 4 |u http://is.stuba.sk/zp/portal_zp.pl?podrobnosti=124206 
856 4 |u https://opac.crzp.sk/?fn=detailBiblioForm&sid=CB745B58B0F7E53C0259C36F3E25